Central Library OPAC University of Rajshahi

Personnel selection in the British forces / (Record no. 7375)

MARC details
000 -LEADER
fixed length control field 00895cam a22002891 4500
001 - CONTROL NUMBER
control field 7375
003 - CONTROL NUMBER IDENTIFIER
rucl marc code BD-RjUL
005 - DATE AND TIME OF LATEST TRANSACTION
control field 20211208234415.0
008 - FIXED-LENGTH DATA ELEMENTS--GENERAL INFORMATION
fixed length control field 130114s1949 enka b 000 0 eng
035 ## - SYSTEM CONTROL NUMBER
System control number (BD-RjUL)7418
System control number (OCoLC)1066917
040 ## - CATALOGING SOURCE
Original cataloging agency DLC
Transcribing agency OAU
Modifying agency ICIU
-- DLC
-- BD-RjUL
Language of cataloging eng
041 ## - LANGUAGE CODE
Language code of text/sound track or separate title eng
082 00 - DEWEY DECIMAL CLASSIFICATION NUMBER
Classification number 355.22
Edition number 18
Author mark and year VEP 1949
100 1# - MAIN ENTRY--PERSONAL NAME
Personal name Vernon, Philip Ewart.
9 (RLIN) 23041
245 10 - TITLE STATEMENT
Title Personnel selection in the British forces /
Statement of responsibility, etc. Philip E. Vernon and John B. Parry.
260 ## - PUBLICATION, DISTRIBUTION, ETC. (IMPRINT)
Place of publication, distribution, etc. London :
Name of publisher, distributor, etc. University of London Press,
Date of publication, distribution, etc. c1949.
300 ## - PHYSICAL DESCRIPTION
Pagination 324 p. :
Illustrations illus. ;
Size 23 cm.
504 ## - BIBLIOGRAPHY, ETC. NOTE
Bibliography, etc Bibliography: p. 302-312.
610 10 - SUBJECT ADDED ENTRY--CORPORATE NAME
Corporate name or jurisdiction name as entry element Great Britain.
Subordinate unit Royal Navy
Corporate name or jurisdiction name as entry element Great Britain.
Subordinate unit Army
650 #0 - SUBJECT ADDED ENTRY--TOPICAL TERM
Topical term or geographic name as entry element Ability
General subdivision Testing.
9 (RLIN) 72
700 1# - ADDED ENTRY--PERSONAL NAME
Personal name Parry, John B.,
Relator term joint author.
942 ## - ADDED ENTRY ELEMENTS (KOHA)
Source of classification or shelving scheme Dewey Decimal Classification
Koha item type Books
Holdings
Lost status Source of classification or shelving scheme Damaged status Not for loan Permanent Location Current Location Shelving location Date acquired Source of acquisition Cost, normal purchase price Total Checkouts Full call number Date last seen Copy number Koha item type
  Dewey Decimal Classification   Not For Loan Central Library, University of Rajshahi Central Library, University of Rajshahi   09/09/1955 B.H. Blackwell 1.00   355.22 VEP 1949 13/01/2014 C-1 Books